[Event "Budapest-chT1 Lilienthal 1718"]
[Site "Budapest"]
[Date "2018.01.21"]
[Round "7"]
[White "Kiraly, Zoltan"]
[Black "Balvanyos, Istvan"]
[Result "1/2-1/2"]
[WhiteElo "1953"]
[BlackElo "2098"]
[PlyCount "59"]
[EventDate "2017.10.01"]
[EventType "team-tourn"]
[EventRounds "13"]
[EventCountry "HUN"]
[SourceTitle "EXT 2021"]
[Source "ChessBase"]
[SourceDate "2020.10.23"]
[SourceVersion "1"]
[SourceVersionDate "2020.10.23"]
[SourceQuality "1"]
[WhiteTeam "Csepel"]
[BlackTeam "Fabulon"]
[WhiteTeamCountry "HUN"]
[BlackTeamCountry "HUN"]

1. d4 Nf6 2. c4 g6 3. Nc3 d5 4. cxd5 Nxd5 5. Bd2 Bg7 6. e4 Nxc3 7. Bxc3 0-0 8. Nf3 c5 9. d5 Bxc3+ 10. bxc3 Qa5 11. Qb3 b6 12. Ne5 Ba6 13. Nc4 Bxc4 14. Bxc4 Nd7 15. Rc1 Rab8 16. Qb5 Qa3 17. 0-0 Ne5 18. Be2 Qxa2 19. Ra1 Qc2 20. f4 c4 21. Bxc4 Nxc4 22. Qxc4 Rfc8 23. Qd4 Qxc3 24. Qxc3 Rxc3 25. Rxa7 Kf8 26. Rfa1 Rbc8 27. Ra8 Ke8 28. Rxc8+ Rxc8 29. Kf2 f5 30. Rb1 1/2-1/2

[Event "HUN-chT2 Toth 1314"]
[Site "Hungary"]
[Date "2013.11.17"]
[Round "5.3"]
[White "Balvanyos, Istvan"]
[Black "Banki H, Istvan"]
[Result "1-0"]
[WhiteElo "2115"]
[BlackElo "2174"]
[PlyCount "61"]
[EventDate "2013.09.08"]
[EventType "team-tourn"]
[EventRounds "11"]
[EventCountry "HUN"]
[SourceTitle "EXT 2016"]
[Source "ChessBase"]
[SourceDate "2015.10.08"]
[SourceVersion "1"]
[SourceVersionDate "2015.10.08"]
[SourceQuality "1"]
[WhiteTeam "Abony"]
[BlackTeam "Oroshaza"]
[WhiteTeamCountry "HUN"]
[BlackTeamCountry "HUN"]

1. e4 d5 2. exd5 Nf6 3. Bb5+ Bd7 4. Bxd7+ Nbxd7 5. c4 Ne5 6. d4 Ng6 7. Qa4+ Qd7 8. Qxd7+ Kxd7 9. Nf3 Re8 10. 0-0 e6 11. dxe6+ fxe6 12. a3 Bd6 13. Nc3 c6 14. Bg5 Rhf8 15. Rad1 h6 16. Bxf6 gxf6 17. d5 cxd5 18. cxd5 e5 19. Nd2 a6 20. Nce4 f5 21. Nxd6 Kxd6 22. Nc4+ Kd7 23. d6 b5 24. Nb6+ Kc6 25. Nd5 Rf7 26. Rd2 Rd8 27. Rc1+ Kb7 28. Ne7 Nf4 29. Rc7+ Ka8 30. Nd5 Rxc7 31. dxc7 1-0

[Event "Budapest-chT1 Lilienthal 1314"]
[Site "Budapest"]
[Date "2013.09.29"]
[Round "1"]
[White "Balvanyos, Istvan"]
[Black "Vegh, Karoly"]
[Result "1/2-1/2"]
[WhiteElo "2115"]
[BlackElo "2037"]
[PlyCount "47"]
[EventDate "2013.09.29"]
[EventType "team-tourn"]
[EventRounds "11"]
[EventCountry "HUN"]
[SourceTitle "EXT 2021"]
[Source "ChessBase"]
[SourceDate "2020.10.23"]
[SourceVersion "1"]
[SourceVersionDate "2020.10.23"]
[SourceQuality "1"]
[WhiteTeam "Fabulon"]
[BlackTeam "REAC SISE"]
[WhiteTeamCountry "HUN"]
[BlackTeamCountry "HUN"]

1. e4 d5 2. exd5 Qxd5 3. Nc3 Qa5 4. d4 Nf6 5. Nf3 Bg4 6. Be2 Nc6 7. 0-0 0-0-0 8. Be3 e5 9. d5 Nxd5 10. Ng5 Nxe3 11. Bxg4+ f5 12. Qf3 fxg4 13. Qxe3 Bc5 14. Qe4 Rd4 15. Qf5+ Kb8 16. Ne6 Rb4 17. Rad1 Nd4 18. Nxd4 Bxd4 19. a3 Rxb2 20. Rxd4 Qxc3 21. Qxe5 Rc8 22. Qxg7 h5 23. Qd7 Rxc2 24. Rfd1 1/2-1/2

[Event "HUN-chT2 Toth 1213"]
[Site "Hungary"]
[Date "2012.12.02"]
[Round "5.1"]
[White "Petrisor, Adrian Marian"]
[Black "Balvanyos, Istvan"]
[Result "1-0"]
[WhiteElo "2381"]
[BlackElo "2118"]
[PlyCount "87"]
[EventDate "2012.09.16"]
[EventType "team-tourn"]
[EventRounds "11"]
[EventCountry "HUN"]
[SourceTitle "EXT 2014"]
[Source "ChessBase"]
[SourceDate "2013.11.20"]
[SourceVersion "1"]
[SourceVersionDate "2013.11.20"]
[SourceQuality "1"]
[WhiteTeam "Gyula"]
[BlackTeam "Abony"]
[WhiteTeamCountry "HUN"]
[BlackTeamCountry "HUN"]

1. c4 Nf6 2. Nc3 c5 3. g3 g6 4. Bg2 Bg7 5. Nf3 0-0 6. 0-0 Nc6 7. d4 cxd4 8. Nxd4 Ng4 9. e3 Nge5 10. b3 Qa5 11. Bb2 Nxd4 12. exd4 Nc6 13. Nd5 e6 14. Ne3 d5 15. cxd5 exd5 16. Nxd5 Be6 17. Nf4 Rad8 18. Nxe6 fxe6 19. Bxc6 bxc6 20. Qe2 Rfe8 21. Rfd1 Rd5 22. a3 Qd8 23. Rac1 Qd7 24. b4 Rd8 25. Re1 e5 26. dxe5 Rd2 27. Qc4+ Qd5 28. Qxd5+ cxd5 29. Bc3 Ra2 30. Ra1 Rxa1 31. Bxa1 d4 32. e6 d3 33. Bxg7 d2 34. Rd1 Kxg7 35. e7 Re8 36. Rxd2 Rxe7 37. Kg2 h5 38. h4 Kf6 39. Rd6+ Re6 40. Rxe6+ Kxe6 41. f3 Kd5 42. g4 Kc4 43. gxh5 gxh5 44. f4 1-0

[Event "HUN-chT2 Toth 1112"]
[Site "Hungary"]
[Date "2012.05.20"]
[Round "11.1"]
[White "Csikos, Mihaly"]
[Black "Balvanyos, Istvan"]
[Result "1-0"]
[WhiteElo "2040"]
[BlackElo "2143"]
[PlyCount "113"]
[EventDate "2011.09.25"]
[EventType "team-tourn"]
[EventRounds "11"]
[EventCountry "HUN"]
[SourceTitle "EXT 2013"]
[Source "ChessBase"]
[SourceDate "2012.11.22"]
[SourceVersion "1"]
[SourceVersionDate "2012.11.22"]
[SourceQuality "1"]
[WhiteTeam "Roszke II"]
[BlackTeam "Abony"]
[WhiteTeamCountry "HUN"]
[BlackTeamCountry "HUN"]

1. e4 c5 2. c3 e5 3. Nf3 d6 4. Bc4 Nc6 5. d4 cxd4 6. cxd4 exd4 7. Nxd4 Nf6 8. Nc3 Be7 9. 0-0 0-0 10. Bf4 Ne5 11. Bb3 a6 12. Rc1 Bg4 13. f3 Bd7 14. Qd2 Rc8 15. Kh1 Nh5 16. Be3 Nf6 17. Nd5 Nxd5 18. Bxd5 Nc6 19. Rcd1 Bf6 20. Nxc6 Bxc6 21. Bb3 Re8 22. Qf2 Bb5 23. Rfe1 Bc4 24. Bxc4 Rxc4 25. b3 Rc6 26. Bd4 Bxd4 27. Qxd4 Qa5 28. Re2 Rec8 29. h3 h6 30. Kh2 Rc2 31. Rxc2 Rxc2 32. a4 Qg5 33. Rg1 Qc5 34. Rd1 Qg5 35. Rg1 Qe5+ 36. Qxe5 dxe5 37. Rd1 Rc3 38. Rd8+ Kh7 39. Rd7 Rxb3 40. Rxf7 Kg6 41. Rf5 Rb4 42. Rxe5 Rxa4 43. Re6+ Kf7 44. Rb6 a5 45. Rxb7+ Kf6 46. Kg3 Ra2 47. Rb6+ Ke5 48. Rg6 a4 49. Rxg7 a3 50. Ra7 Kd4 51. Kf4 Kc3 52. e5 Kb3 53. e6 Rxg2 54. Kf5 a2 55. e7 Re2 56. Kf6 Kb2 57. Kf7 1-0

[Event "Budapest-chT1 Lilienthal 1112"]
[Site "Budapest"]
[Date "2012.04.29"]
[Round "11"]
[White "Schenkerik, Csaba"]
[Black "Balvanyos, Istvan"]
[Result "0-1"]
[WhiteElo "2156"]
[BlackElo "2143"]
[PlyCount "112"]
[EventDate "2011.10.02"]
[EventType "team-tourn"]
[EventRounds "11"]
[EventCountry "HUN"]
[SourceTitle "EXT 2020"]
[Source "ChessBase"]
[SourceDate "2019.10.17"]
[SourceVersion "1"]
[SourceVersionDate "2019.10.17"]
[SourceQuality "1"]
[WhiteTeam "REAC SISE"]
[BlackTeam "Fabulon"]
[WhiteTeamCountry "HUN"]
[BlackTeamCountry "HUN"]

1. g3 Nf6 2. Bg2 e5 3. d3 d5 4. Nf3 Nc6 5. 0-0 Bc5 6. Nxe5 Nxe5 7. d4 Bd6 8. dxe5 Bxe5 9. Nd2 c6 10. c4 Be6 11. Nf3 Bd6 12. cxd5 Bxd5 13. b3 0-0 14. Bb2 Re8 15. Qc2 Qe7 16. Nd4 Be4 17. Bxe4 Qxe4 18. Qxe4 Nxe4 19. f3 Ng5 20. h4 Ne6 21. Nf5 Bf8 22. Rad1 Rad8 23. e4 g6 24. Ne3 Bc5 25. Kf2 f5 26. Rxd8 Rxd8 27. Ke2 f4 28. Ng2 fxg3 29. Rd1 Bd4 30. Bc1 c5 31. f4 Rf8 32. Kf3 Bf2 33. Be3 Nd4+ 34. Kg4 h5+ 35. Kh3 Bxe3 36. Nxe3 Rxf4 37. Nd5 Rf2 38. Kxg3 Rxa2 39. e5 Re2 40. Ra1 Rxe5 41. Nf4 Ne2+ 42. Nxe2 Rxe2 43. Rxa7 Re3+ 44. Kf4 Rxb3 45. Kg5 Kg7 46. Ra5 Rf3 47. Rxc5 Rf5+ 48. Rxf5 gxf5 49. Kxf5 b5 50. Ke5 Kg6 51. Kd5 Kf5 52. Kc5 Kg4 53. Kxb5 Kxh4 54. Kc4 Kg3 55. Kd3 h4 56. Ke2 Kg2 0-1

[Event "HUN-chT2 Toth 1112"]
[Site "Hungary"]
[Date "2012.04.22"]
[Round "9.2"]
[White "Balvanyos, Istvan"]
[Black "Nagy, Sandor"]
[Result "0-1"]
[WhiteElo "2143"]
[BlackElo "2107"]
[PlyCount "76"]
[EventDate "2011.09.25"]
[EventType "team-tourn"]
[EventRounds "11"]
[EventCountry "HUN"]
[SourceTitle "EXT 2013"]
[Source "ChessBase"]
[SourceDate "2012.11.22"]
[SourceVersion "1"]
[SourceVersionDate "2012.11.22"]
[SourceQuality "1"]
[WhiteTeam "Abony"]
[BlackTeam "Mezobereny"]
[WhiteTeamCountry "HUN"]
[BlackTeamCountry "HUN"]

1. e4 e6 2. d4 d5 3. exd5 exd5 4. Nf3 Bd6 5. c4 c6 6. Nc3 Nf6 7. c5 Bc7 8. Qe2+ Qe7 9. Qxe7+ Kxe7 10. Bg5 h6 11. Bh4 Bf5 12. Ne5 Nbd7 13. g4 g5 14. gxf5 gxh4 15. Nf3 Rae8 16. Nxh4 Kd8+ 17. Be2 Ne4 18. Nxe4 Rxe4 19. Ng2 Rhe8 20. Ne3 Rxd4 21. Rc1 Rde4 22. Bd3 Rf4 23. 0-0 Rg8+ 24. Kh1 Rh4 25. f4 Bxf4 26. Rxf4 Rxf4 27. Nf1 Rf2 28. Ng3 Rxb2 29. a4 Ne5 30. Bc2 Rg4 31. Nf1 Rc4 32. Ne3 Rxc5 33. Re1 Nf3 34. Rf1 Nd2 35. Rg1 Rcxc2 36. Rg8+ Kc7 37. Nxc2 Rxc2 38. Rg7 Nf3 0-1

[Event "HUN-chT2 Toth 1112"]
[Site "Hungary"]
[Date "2012.03.11"]
[Round "7.2"]
[White "Balvanyos, Istvan"]
[Black "Egyed, Gabor"]
[Result "0-1"]
[WhiteElo "2143"]
[BlackElo "2069"]
[PlyCount "88"]
[EventDate "2011.09.25"]
[EventType "team-tourn"]
[EventRounds "11"]
[EventCountry "HUN"]
[SourceTitle "EXT 2013"]
[Source "ChessBase"]
[SourceDate "2012.11.22"]
[SourceVersion "1"]
[SourceVersionDate "2012.11.22"]
[SourceQuality "1"]
[WhiteTeam "Abony"]
[BlackTeam "Karcag"]
[WhiteTeamCountry "HUN"]
[BlackTeamCountry "HUN"]

1. e4 c5 2. b4 e6 3. bxc5 Bxc5 4. d4 Bb6 5. Nf3 d5 6. e5 Nc6 7. c3 f6 8. Bb5 Bd7 9. exf6 Nxf6 10. Ba3 Na5 11. Bd3 a6 12. Qe2 Qc7 13. Ne5 Nc6 14. Nxd7 Kxd7 15. 0-0 Rhe8 16. Nd2 e5 17. Bf5+ Kd8 18. Qd3 e4 19. Qe3 g6 20. Bh3 h6 21. Nb3 g5 22. Bf5 Ne5 23. Nc5 Nc4 24. Qc1 Nxa3 25. Qxa3 Bxc5 26. dxc5 Re5 27. f3 Rxf5 28. fxe4 Rxf1+ 29. Rxf1 Nxe4 30. c4 Qxc5+ 31. Qxc5 Nxc5 32. cxd5 Ke7 33. g4 Rf8 34. d6+ Ke8 35. Rc1 b6 36. Rb1 Na4 37. Rb4 b5 38. Re4+ Kd7 39. Re7+ Kxd6 40. Rh7 Rf6 41. Ra7 Kc5 42. Kg2 Nc3 43. a3 Nb1 44. Rc7+ Rc6 0-1

[Event "Budapest-chT1 Lilienthal 1112"]
[Site "Budapest"]
[Date "2012.02.05"]
[Round "7"]
[White "D Albini, Geza"]
[Black "Balvanyos, Istvan"]
[Result "1/2-1/2"]
[WhiteElo "2051"]
[BlackElo "2143"]
[PlyCount "47"]
[EventDate "2011.10.02"]
[EventType "team-tourn"]
[EventRounds "11"]
[EventCountry "HUN"]
[SourceTitle "EXT 2020"]
[Source "ChessBase"]
[SourceDate "2019.10.17"]
[SourceVersion "1"]
[SourceVersionDate "2019.10.17"]
[SourceQuality "1"]
[WhiteTeam "Vizugy II"]
[BlackTeam "Fabulon"]
[WhiteTeamCountry "HUN"]
[BlackTeamCountry "HUN"]

1. c4 Nf6 2. d4 g6 3. Nc3 d5 4. Nf3 Bg7 5. e3 0-0 6. Be2 dxc4 7. Bxc4 c5 8. 0-0 Nc6 9. d5 Na5 10. Be2 e6 11. e4 exd5 12. exd5 a6 13. Be3 b6 14. Qd2 Ng4 15. Bg5 Bf6 16. Bf4 Re8 17. h3 Ne5 18. Nxe5 Bxe5 19. Bxe5 Rxe5 20. Rfd1 Qh4 21. f4 Re8 22. Bf1 Bf5 23. Re1 h5 24. Rad1 1/2-1/2

[Event "Budapest-chT1 Lilienthal 1112"]
[Site "Budapest"]
[Date "2012.01.15"]
[Round "6"]
[White "Balvanyos, Istvan"]
[Black "Bartus, Laszlo"]
[Result "1-0"]
[WhiteElo "2143"]
[BlackElo "2125"]
[PlyCount "113"]
[EventDate "2011.10.02"]
[EventType "team-tourn"]
[EventRounds "11"]
[EventCountry "HUN"]
[SourceTitle "EXT 2020"]
[Source "ChessBase"]
[SourceDate "2019.10.17"]
[SourceVersion "1"]
[SourceVersionDate "2019.10.17"]
[SourceQuality "1"]
[WhiteTeam "Fabulon"]
[BlackTeam "Budapest EAC III"]
[WhiteTeamCountry "HUN"]
[BlackTeamCountry "HUN"]

1. e4 e5 2. Nf3 d6 3. d4 exd4 4. Nxd4 Nf6 5. Nc3 Be7 6. Be2 Bd7 7. 0-0 Nc6 8. Bf3 0-0 9. Nxc6 Bxc6 10. Nd5 h6 11. b3 Bxd5 12. exd5 Nd7 13. Bb2 Bf6 14. Bd4 Re8 15. c3 Bxd4 16. cxd4 Nf6 17. Rc1 Qd7 18. Qd2 Re7 19. Rfe1 Rae8 20. Rxe7 Rxe7 21. Qa5 a6 22. Qb4 b6 23. Qc4 a5 24. Qd3 Qe8 25. Kf1 Qa8 26. g3 Nxd5 27. Kg2 Nb4 28. Qd2 Qd8 29. a3 Na6 30. Bd5 Nb8 31. b4 axb4 32. axb4 Qd7 33. Ra1 c6 34. Bf3 Qc7 35. Ra8 Kh7 36. Qc2+ g6 37. h4 Qb7 38. Qa2 d5 39. b5 Qc7 40. bxc6 Nxc6 41. Qxd5 Na5 42. h5 Rd7 43. hxg6+ Kg7 44. gxf7 Rxf7 45. Bh5 Rf8 46. Rxf8 Kxf8 47. Qf5+ Kg8 48. Qe6+ Kg7 49. Qg6+ Kf8 50. Qxh6+ Kg8 51. d5 Nc4 52. Qc6 Qe5 53. Qxc4 Qxh5 54. d6+ Kf8 55. Qc8+ Kf7 56. Qb7+ Ke6 57. Qe7+ 1-0

[Event "Budapest-chT1 Lilienthal 1112"]
[Site "Budapest"]
[Date "2011.12.04"]
[Round "4"]
[White "Balvanyos, Istvan"]
[Black "Szentmihalyi, Tamas"]
[Result "1-0"]
[WhiteElo "2143"]
[BlackElo "2087"]
[PlyCount "65"]
[EventDate "2011.10.02"]
[EventType "team-tourn"]
[EventRounds "11"]
[EventCountry "HUN"]
[SourceTitle "EXT 2020"]
[Source "ChessBase"]
[SourceDate "2019.10.17"]
[SourceVersion "1"]
[SourceVersionDate "2019.10.17"]
[SourceQuality "1"]
[WhiteTeam "Fabulon"]
[BlackTeam "Taban Spartacus II"]
[WhiteTeamCountry "HUN"]
[BlackTeamCountry "HUN"]

1. e4 d6 2. Nf3 Nf6 3. Nc3 g6 4. d4 Bg7 5. Be2 c5 6. dxc5 Qa5 7. 0-0 Qxc5 8. Be3 Qa5 9. Qd2 0-0 10. Nd5 Qd8 11. Nxf6+ Bxf6 12. Bd4 Nd7 13. Rfd1 Qc7 14. c3 Nc5 15. Qf4 Ne6 16. Qe3 Nxd4 17. cxd4 Qa5 18. e5 dxe5 19. dxe5 Bg7 20. h3 Be6 21. a3 Rfd8 22. b4 Qa4 23. Nd4 Rd5 24. f4 Rc8 25. Nxe6 fxe6 26. Rxd5 exd5 27. Bg4 Rd8 28. Be6+ Kf8 29. f5 Qc6 30. Rf1 Ke8 31. f6 Qxe6 32. fxg7 Kd7 33. Rf8 1-0

[Event "Budapest-chT1 Lilienthal 1112"]
[Site "Budapest"]
[Date "2011.10.02"]
[Round "1"]
[White "Rozsa, Sandor"]
[Black "Balvanyos, Istvan"]
[Result "1/2-1/2"]
[WhiteElo "1972"]
[BlackElo "2143"]
[PlyCount "73"]
[EventDate "2011.10.02"]
[EventType "team-tourn"]
[EventRounds "11"]
[EventCountry "HUN"]
[SourceTitle "EXT 2020"]
[Source "ChessBase"]
[SourceDate "2019.10.17"]
[SourceVersion "1"]
[SourceVersionDate "2019.10.17"]
[SourceQuality "1"]
[WhiteTeam "Budapest Honved III"]
[BlackTeam "Fabulon"]
[WhiteTeamCountry "HUN"]
[BlackTeamCountry "HUN"]

1. e4 c5 2. Nc3 e6 3. g3 d5 4. exd5 exd5 5. d3 h6 6. Bg2 Nf6 7. Nge2 d4 8. Ne4 Nxe4 9. Bxe4 Bd6 10. Bf4 0-0 11. 0-0 Nc6 12. Bxd6 Qxd6 13. Bg2 Bg4 14. f3 Bd7 15. Qd2 Rfe8 16. Rfe1 Nb4 17. Nf4 Bc6 18. a3 Nd5 19. Nxd5 Bxd5 20. Rxe8+ Rxe8 21. Re1 Re6 22. Rxe6 Qxe6 23. Kf2 g5 24. Qe2 Qxe2+ 25. Kxe2 Kg7 26. Bh3 Kf6 27. f4 b5 28. c3 dxc3 29. bxc3 gxf4 30. gxf4 a5 31. d4 cxd4 32. cxd4 Ke7 33. Kd2 b4 34. axb4 axb4 35. Kd3 Kd6 36. Bg4 Ba2 37. Bf3 1/2-1/2

[Event "HUN-chT2 Toth 1011"]
[Site "Hungary"]
[Date "2011.05.01"]
[Round "10.2"]
[White "Balvanyos, Istvan"]
[Black "Levay, Sorin"]
[Result "1-0"]
[WhiteElo "2217"]
[BlackElo "2200"]
[PlyCount "57"]
[EventDate "2010.09.12"]
[EventType "team-tourn"]
[EventRounds "11"]
[EventCountry "HUN"]
[SourceTitle "EXT 2012"]
[Source "ChessBase"]
[SourceDate "2011.11.24"]
[SourceVersion "1"]
[SourceVersionDate "2011.11.24"]
[SourceQuality "1"]
[WhiteTeam "Abony"]
[BlackTeam "Karcag"]
[WhiteTeamCountry "HUN"]
[BlackTeamCountry "HUN"]

1. e4 c6 2. d4 g6 3. c4 d5 4. cxd5 cxd5 5. e5 Nc6 6. Nc3 Nh6 7. Bb5 a6 8. Ba4 Bg7 9. Nge2 0-0 10. 0-0 Nf5 11. Bb3 Be6 12. g4 Nh4 13. f3 h6 14. Nf4 Qb6 15. Be3 Rad8 16. Na4 Qc7 17. Nxe6 fxe6 18. Nc5 Nxe5 19. dxe5 Bxe5 20. Qe2 Rf6 21. Rac1 Qb8 22. Bxh6 Kf7 23. Bg5 Rh8 24. Bxf6 exf6 25. f4 Bxf4 26. Qxe6+ Kg7 27. Qe7+ Kh6 28. Ne6 Rh7 29. Qxf6 1-0

[Event "HUN-chT2 Toth 1011"]
[Site "Hungary"]
[Date "2011.03.27"]
[Round "7.2"]
[White "Balvanyos, Istvan"]
[Black "Horvath, Jozsef"]
[Result "0-1"]
[WhiteElo "2217"]
[BlackElo "2153"]
[PlyCount "81"]
[EventDate "2010.09.12"]
[EventType "team-tourn"]
[EventRounds "11"]
[EventCountry "HUN"]
[SourceTitle "EXT 2012"]
[Source "ChessBase"]
[SourceDate "2011.11.24"]
[SourceVersion "1"]
[SourceVersionDate "2011.11.24"]
[SourceQuality "1"]
[WhiteTeam "Abony"]
[BlackTeam "Takisz"]
[WhiteTeamCountry "HUN"]
[BlackTeamCountry "HUN"]

1. e4 c5 2. b4 cxb4 3. a3 bxa3 4. Bxa3 Nc6 5. Nf3 d6 6. d4 Nf6 7. d5 Nb8 8. Bd3 Bg4 9. 0-0 Nbd7 10. h3 Bxf3 11. Qxf3 a6 12. Nd2 g6 13. c4 Bh6 14. Qe2 0-0 15. Rab1 b6 16. Nb3 Qc7 17. Nd4 Rfc8 18. f4 Nc5 19. Nc6 Nh5 20. f5 Ng3 21. Qf3 Nxf1 22. Rxf1 Rf8 23. Bb2 Nxd3 24. Qxd3 Bg7 25. f6 exf6 26. Rxf6 Bxf6 27. Bxf6 h6 28. h4 Kh7 29. h5 Qd7 30. Bb2 Qg4 31. e5 dxe5 32. Nxe5 Qf5 33. Qd4 gxh5 34. Nd7 f6 35. Nxf8+ Rxf8 36. d6 Qc5 37. Qxc5 bxc5 38. Ba3 Rc8 39. Kf2 Kg6 40. Ke3 Kf5 41. Bxc5 0-1

[Event "Budapest-chT1 Lilienthal 1011"]
[Site "Budapest"]
[Date "2011.02.27"]
[Round "9"]
[White "Balvanyos, Istvan"]
[Black "Radnai, Tamas"]
[Result "1-0"]
[WhiteElo "2217"]
[BlackElo "2057"]
[PlyCount "43"]
[EventDate "2010.09.19"]
[EventType "team-tourn"]
[EventRounds "11"]
[EventCountry "HUN"]
[SourceTitle "EXT 2020"]
[Source "ChessBase"]
[SourceDate "2019.10.17"]
[SourceVersion "1"]
[SourceVersionDate "2019.10.17"]
[SourceQuality "1"]
[WhiteTeam "Fabulon"]
[BlackTeam "Csepel"]
[WhiteTeamCountry "HUN"]
[BlackTeamCountry "HUN"]

1. e4 e6 2. d4 d5 3. e5 c5 4. c3 Nc6 5. Nf3 Nge7 6. Bd3 cxd4 7. cxd4 Nf5 8. Bxf5 exf5 9. 0-0 Be7 10. Nc3 g5 11. Nb5 g4 12. Ne1 Be6 13. Nd3 Qb6 14. Nd6+ Bxd6 15. exd6 0-0-0 16. Nc5 Qb4 17. Be3 b6 18. a3 Qb5 19. a4 Qb4 20. Nd3 Qa5 21. b4 Nxb4 22. Bd2 1-0

[Event "HUN-chT2 Toth 0910"]
[Site "Hungary"]
[Date "2010.04.18"]
[Round "10.2"]
[White "Balvanyos, Istvan"]
[Black "Horvath, Jozsef"]
[Result "1-0"]
[WhiteElo "2169"]
[BlackElo "2171"]
[PlyCount "81"]
[EventDate "2009.11.08"]
[EventType "team-tourn"]
[EventRounds "11"]
[EventCountry "HUN"]
[SourceTitle "EXT 2011"]
[Source "ChessBase"]
[SourceDate "2010.11.26"]
[SourceVersion "1"]
[SourceVersionDate "2010.11.26"]
[SourceQuality "1"]
[WhiteTeam "Abony"]
[BlackTeam "Takisz"]
[WhiteTeamCountry "HUN"]
[BlackTeamCountry "HUN"]

1. e4 c5 2. b4 cxb4 3. a3 bxa3 4. Nf3 e6 5. d4 d5 6. e5 Bd7 7. Bd3 Nc6 8. 0-0 a6 9. c3 h6 10. Ne1 Qa5 11. Bxa3 Bxa3 12. Nxa3 Qd8 13. f4 Nge7 14. g4 Qc8 15. Ng2 Na5 16. Nb1 Nc4 17. Qe2 b5 18. Nh4 g6 19. f5 exf5 20. gxf5 Bxf5 21. Nxf5 Nxf5 22. Bxf5 gxf5 23. Nd2 Nxd2 24. Qxd2 Rg8+ 25. Kh1 Rg5 26. Rg1 Qe6 27. Rxg5 hxg5 28. Qxg5 Rc8 29. Qg8+ Kd7 30. Qg3 Rh8 31. Rg1 Rh6 32. Qf3 Rg6 33. Rf1 Rg5 34. c4 bxc4 35. Rb1 Kc7 36. Qa3 Rg6 37. Qf8 Qb6 38. Qxf7+ Kd8 39. Rxb6 Rxb6 40. e6 c3 41. e7+ 1-0

[Event "HUN-chT2 Toth 0910"]
[Site "Hungary"]
[Date "2010.03.21"]
[Round "8.2"]
[White "Balvanyos, Istvan"]
[Black "Rat, Dan Ovidiu"]
[Result "1-0"]
[WhiteElo "2169"]
[BlackElo "2315"]
[PlyCount "75"]
[EventDate "2009.11.08"]
[EventType "team-tourn"]
[EventRounds "11"]
[EventCountry "HUN"]
[SourceTitle "EXT 2011"]
[Source "ChessBase"]
[SourceDate "2010.11.26"]
[SourceVersion "1"]
[SourceVersionDate "2010.11.26"]
[SourceQuality "1"]
[WhiteTeam "Abony"]
[BlackTeam "Kisujszallas"]
[WhiteTeamCountry "HUN"]
[BlackTeamCountry "HUN"]

1. e4 c5 2. b4 b6 3. Nf3 e6 4. bxc5 bxc5 5. c4 Nc6 6. Nc3 d6 7. d4 cxd4 8. Nxd4 Nxd4 9. Qxd4 Nf6 10. Be2 Be7 11. 0-0 0-0 12. Rd1 Qa5 13. Bd2 Qc5 14. Qxc5 dxc5 15. Bf4 Nd7 16. Bf3 Nb6 17. Bc7 Ba6 18. e5 Rac8 19. Bxb6 axb6 20. Na4 Rb8 21. Be2 b5 22. cxb5 Bxb5 23. Bxb5 Rxb5 24. Rd7 Re8 25. Rc7 Kf8 26. Rc1 Ra8 27. Nxc5 Bxc5 28. R7xc5 Rxc5 29. Rxc5 Rxa2 30. f4 g6 31. Rc7 Ra4 32. g3 g5 33. fxg5 Rg4 34. Rc3 Rxg5 35. Re3 Rf5 36. Kg2 Kg7 37. Re4 Kg6 38. g4 1-0

[Event "HUN-chT2 Toth 0910"]
[Site "Hungary"]
[Date "2009.12.06"]
[Round "3.8"]
[White "Balvanyos, Istvan"]
[Black "Farkas, Janos"]
[Result "0-1"]
[WhiteElo "2169"]
[BlackElo "1955"]
[PlyCount "79"]
[EventDate "2009.11.08"]
[EventType "team-tourn"]
[EventRounds "11"]
[EventCountry "HUN"]
[SourceTitle "EXT 2011"]
[Source "ChessBase"]
[SourceDate "2010.11.26"]
[SourceVersion "1"]
[SourceVersionDate "2010.11.26"]
[SourceQuality "1"]
[WhiteTeam "Abony"]
[BlackTeam "Roszke"]
[WhiteTeamCountry "HUN"]
[BlackTeamCountry "HUN"]

1. e4 e5 2. Nf3 Nc6 3. Bc4 Nf6 4. Nc3 Bc5 5. 0-0 d6 6. h3 0-0 7. a3 a6 8. d3 b5 9. Ba2 b4 10. axb4 Nxb4 11. Bb3 c6 12. Na4 a5 13. Nxc5 dxc5 14. Nxe5 Nd7 15. Nxd7 Bxd7 16. c3 Na6 17. Bc4 Nc7 18. Be3 Be6 19. Bxc5 Re8 20. Bxe6 Nxe6 21. Be3 Rb8 22. Ra2 Re7 23. Qc2 Reb7 24. Rfa1 Rb3 25. Bc1 R3b5 26. d4 h6 27. Qe2 Qc7 28. g3 Re8 29. h4 Kf8 30. Qd3 Kg8 31. Kg2 Rd8 32. Qe3 Re8 33. f3 Qd8 34. Qe2 f5 35. e5 f4 36. Qe4 Rd5 37. Bxf4 Nxf4+ 38. Qxf4 Rf8 39. Qe4 Qb6 40. Rb1 0-1

[Event "HUN-chT2 Erkel 0809"]
[Site "Hungary"]
[Date "2009.01.25"]
[Round "6.6"]
[White "Balvanyos, Istvan"]
[Black "Halasz, Csaba"]
[Result "1/2-1/2"]
[WhiteElo "2102"]
[BlackElo "2157"]
[PlyCount "54"]
[EventDate "2008.10.26"]
[EventType "team-tourn"]
[EventRounds "11"]
[EventCountry "HUN"]
[SourceTitle "EXT 2010"]
[Source "ChessBase"]
[SourceDate "2010.11.25"]
[SourceVersion "1"]
[SourceVersionDate "2010.11.25"]
[SourceQuality "1"]
[WhiteTeam "Ujszasz"]
[BlackTeam "MAFC"]
[WhiteTeamCountry "HUN"]
[BlackTeamCountry "HUN"]

1. e4 c5 2. b4 cxb4 3. a3 e5 4. Nf3 Nc6 5. axb4 Bxb4 6. c3 Be7 7. Bb5 Nf6 8. 0-0 0-0 9. Re1 d6 10. d4 Bg4 11. d5 Nb8 12. h3 Bh5 13. Qd3 Nbd7 14. Ba3 a6 15. Bxd7 Nxd7 16. c4 Bxf3 17. Qxf3 Qc7 18. Nd2 Rfc8 19. Reb1 Rab8 20. Bb4 Nc5 21. Ra3 Bg5 22. Nb3 b5 23. Bxc5 bxc4 24. Be3 Bxe3 25. Qxe3 cxb3 26. Raxb3 Rxb3 27. Rxb3 Rb8 1/2-1/2

[Event "HUN-chT2 Breyer 0708"]
[Site "Hungary"]
[Date "2008.05.18"]
[Round "11"]
[White "Balvanyos, Istvan"]
[Black "Bokros, Istvan"]
[Result "0-1"]
[WhiteElo "2125"]
[BlackElo "2150"]
[PlyCount "46"]
[EventDate "2007.10.14"]
[EventType "team"]
[EventRounds "11"]
[EventCountry "HUN"]
[SourceTitle "EXT 2009"]
[Source "ChessBase"]
[SourceDate "2008.11.26"]
[SourceVersion "1"]
[SourceVersionDate "2008.11.26"]
[SourceQuality "1"]
[WhiteTeam "Turul"]
[BlackTeam "Penzugyor II"]
[WhiteTeamCountry "HUN"]
[BlackTeamCountry "HUN"]

1. e4 c5 2. b4 cxb4 3. a3 d5 4. exd5 Qxd5 5. Bb2 e5 6. Nf3 Nc6 7. c4 Qe4+ 8. Be2 Nf6 9. 0-0 Bc5 10. axb4 Bxb4 11. d4 exd4 12. Nxd4 Nxd4 13. Bxd4 0-0 14. Rxa7 Rxa7 15. Bxa7 Re8 16. Bd3 Qh4 17. Nd2 Bg4 18. Qc2 Bd6 19. g3 Qh5 20. Ne4 Bf3 21. Nxf6+ gxf6 22. Ra1 Re5 23. Bd4 Qxh2+ 0-1